000 00380 a2200109 4500
001 ART_4728
005 20260410161824.0
008 260409a
245 1 0 _aLa formación profesional en los sistemas educativos europeos
100 1 _aGuardia González, Soledad
773 0 _tRevista de trabajo
_gFormación profesional - Año 1, Nº 1 (mar./abr. 1994)
_wREV4713
999 _c22611
_d22611